| 000 | 00370nam a22001697a 4500 | ||
|---|---|---|---|
| 003 | SGT | ||
| 020 | _a9789385891939 | ||
| 082 |
_a618.92 _bP16S |
||
| 100 | _aSRIVASTAVA, RN. | ||
| 245 | _aPEDIATRICS NEPHROLOGY | ||
| 250 | _a6TH | ||
| 260 |
_aINDIA _bJAYPEE PUB _c2016 |
||
| 300 | _a600 | ||
| 650 | _aPEDIATRICS | ||
| 653 | _aPEDIATRICS NEPHROLOGY | ||
| 942 |
_2ddc _cBK |
||
| 999 |
_c23227 _d23227 |
||